000
00266nam a22001097a 4500
082
_a
696.1 MCC'E
100
_a
MCCREASY, ANDREWS
_9
79338
245
_a
ELEMENTARY PLUMBING ORDINARY CRAFT CERTIFICATE
260
_a
LONDON
_b
PITMAN
_c
1966
300
_a
204P
942
_c
BK
999
_c
584384
_d
584384